000 00507nam a2200145Ia 4500
008 151213s9999 xx 000 0 und d
100 _aবিশ্বজিৎ ঘোষ।
245 _aবাংলা কথা সাহিত পাঠ।
_cবিশ্বজিৎ ঘোষ।
260 _aঢাকা
_bবাংলা একাডেমী।
_c2002
300 _a8750 p.
650 _aBangla
650 _aসাহিত্য
700 _aবিশ্বজিৎ ঘোষ।
999 _c4535
_d4535